Score 0/50 Timer 03:00
1 Play Today
% Correct
Old Mexico
86.9%
Obama
86.7%
New Delhi
85.9%
East Saint Louis
85.8%
Mount Huggles
85.8%
Peachtree
85.7%
Constantinople
85.7%
Jittersburg
85.5%
London
85.4%
Brussels
85.3%
Pawnee
85%
Bishkek
85%
Underwood
85%
Brainerd
84.4%
Hoover
83.7%
Ottawa
83.7%
Silver Springs
83.3%
Bennington
83.2%
Conway
83.2%
Plainsfield
83.2%
Fresno
83.1%
Colorado City
82.5%
Rhode Island
82.5%
Idaho
82.4%
Las Vegas
82%
% Correct
Provincetown
81.7%
Tampa
81%
Wheeling
80.4%
San Juan
80.3%
Greensboro
79.8%
Rapid City
79.7%
Ann Arbor
79.5%
Dallas
79.1%
Rochester
79%
New Orleans
77.7%
Pittsburgh
77.5%
Monroe
76.5%
Eugene
75%
Cleveland
74.9%
Tucson
74.8%
Wilmington
73.2%
Tulsa
73.2%
Billings
72.9%
Seattle
72.2%
Wichita
71.9%
Louisville
69.1%
Memphis
68.8%
Kansas City
63.8%
Portland
63.4%
Jackson City
60.5%
Remove Ads.
Support Sporcle.
Get the best of Sporcle when you Go Orange. This ad-free experience offers more features, more stats, and more fun while also helping to support Sporcle. Thank you for becoming a member.

You're not logged in!

Compare scores with friends on all Sporcle quizzes.
OR
Log In

Show Comments

Extras

Top Quizzes Today


Score Distribution

Your Account Isn't Verified!

In order to create a playlist on Sporcle, you need to verify the email address you used during registration. Go to your Sporcle Settings to finish the process.

Report this User

Report this user for behavior that violates our Community Guidelines.

Details: